000 006590000a22002050004500
003 LK-CoMWRAF
005 20240527114140.0
008 230817t1992 ||||| |||| 00| 0 eng d
040 _aLK-CoMWRAF
_dLK-CoMWRAF
_eLK-CoMWRAF
041 _aeng
082 _a305.8
_bMAH
100 _aMahroof, M.M.M.
100 _aIsmail, Marina
245 _aMuslims of Kalutara district:
_bhistory and cultural heritage- a brief survey
260 _aColombo:
_bOffice of the Minister of state for Muslim Religious and Cultural Affairs
_c1992
300 _a32 p., map
650 _a MUSLIMS-KALUTARA DISTRICT-Sri Lanka
650 _aMuslims-History-Sri Lanka
942 _cBK
999 _c1845
_d1845